=LDR 00000nam 2200000 4500 =001 INLIS000000000059490 =005 20211115102132 =035 ##$$a 0010-1121000227 =007 ta =008 211115###########################0#ind## =020 ##$$a 979-1519-90-0 =082 ##$$a 345 =084 ##$$a 345 Sya s =245 1#$$a sejarah Pembaruan KUHP & KUHAP /$c Dr. H. Syaiful Bakhri, SH., MH =300 ##$$a 132 halaman ; $c 21 cm =650 #4$$a Hukum Pidana =264 ##$$a yogyakarta :$b Total Media,$c 2011 =336 ##$$a teks$2 rdacontent =337 ##$$a lain-lain$2 rdamedia =338 ##$$a lain-lain$2 rdacarrier =990 ##$$a 29412941